00666cam a2200181 a 4500035001500000600004500015651005700060001001100117008004100128020001500169050002400184245013400208260005300342300002100395500001700416700002600433700002500459 aBIIH00369614aDíaz, Porfirio, Presidente de México 4aMéxico xHistoria xRepublica liberal, y1867-1911BIIH003696 s1998 mx spa  a968859347800aF1233 .5 bD65 199800aDon Porfirio presidente ... , Nunca omnipotente, hallazgos, reflexiones y debates 1876-1911 /cRomana Falcon, Raymond Buve, comp. aMéxico :bUIA, Departamento de Historia,c1998 a572 p. ;c21 cm. a3 ejemplares1 aFalcon, Romana, comp.1 aBuve, Raymond, comp.